ingular Perturbation Techniques to Differential Equations (Record no. 13682)

MARC details
000 -LEADER
fixed length control field 00228nam a22000977a 4500
100 ## - MAIN ENTRY--AUTHOR NAME
Personal name Grabirnuller
245 ## - TITLE STATEMENT
Title ingular Perturbation Techniques to Differential Equations
260 ## - PUBLICATION, DISTRIBUTION, ETC. (IMPRINT)
Place of publication London
Year of publication 1984
300 ## - PHYSICAL DESCRIPTION
Number of Pages 246
942 ## - ADDED ENTRY ELEMENTS (KOHA)
Koha item type Books
Holdings
Withdrawn status Lost status Home library Current library Date acquired Cost, normal purchase price Accession Number Koha item type
    Seminar Library, Mathematics & Statis. Seminar Library, Mathematics & Statis. 10/08/2015 0.00 10465 Books